| 000 | 00512nam a22001937a 4500 | ||
|---|---|---|---|
| 003 | OSt | ||
| 005 | 20251126052816.0 | ||
| 008 | 220831b |||||||| |||| 00| 0 eng d | ||
| 020 | _a978-1-292-14721-5 | ||
| 040 | _cIFM Library | ||
| 082 | _a346.02 | ||
| 100 |
_aMacintyre, Ewan _99539 |
||
| 245 | _aEssentials of Business Law | ||
| 250 | _a6th | ||
| 260 |
_aHarlow: _bPearson Education Limited, _c2018 |
||
| 300 |
_axxxv, 486p.: _bill.; 24cm. |
||
| 500 | _aIncludes Glossary and Index | ||
| 942 |
_cBK _2ddc _n0 |
||
| 999 |
_c20771 _d20771 |
||